Roman Numerals Quiz 1 - Statistics

General Stats
  • This quiz has been taken 48 times
  • The average score is 14 of 15
Answer Stats
Hint Answer % Correct
XIV 14
97%
XIX 19
97%
DCC 700
95%
MIV 1004
92%
CDV 405
92%
LXIV 64
92%
XCIII 93
92%
CIII 103
90%
XXXVII 37
90%
LXXVI 76
90%
CMLIX 959
90%
MCMLVI 1956
87%
MMXXIV 2024
87%
DCCCXL 840
87%
MMDCLVI 2656
79%
No matching quizzes found
Score Distribution
Percent of People with Each Score
Percentile by Number Answered
Your Score History
You have not taken this quiz